000 00485nam a2200169Ia 4500
005 20250923150206.0
008 008 250917s9999 xx 000 0 eng d
037 _aTextual
040 _aDSWL
_beng
_cDSWL
041 _aeng
_2eng
084 _aY15:425.2, P5
_qDSWL
245 0 _aTrafficking in women and children in India
260 _aNew Delhi
_b Orient Longman
_c2005
300 _axxxviii, 784p.
942 _cTEXL
_hY15:425.2, P5
999 _c1460631
_d1460631